[Event "Charlesbourg Alekhine"]
[Site "Charlesbourg"]
[Date "2011.09.05"]
[Round "1"]
[White "Thibault, Jim"]
[Black "Beaudoin, Stephane"]
[Result "0-1"]
[WhiteElo "1582"]
[BlackElo "2044"]
[PlyCount "128"]
[EventDate "2011.09.05"]
[EventType "swiss"]
[EventRounds "5"]
[EventCountry "CAN"]
[SourceTitle "EXT 2022"]
[Source "ChessBase"]
[SourceDate "2021.10.06"]
[SourceVersion "1"]
[SourceVersionDate "2021.10.06"]
[SourceQuality "1"]

1. d4 Nf6 2. Nf3 c5 3. c4 e6 4. Nc3 cxd4 5. Nxd4 Nc6 6. e3 Bb4 7. Bd2 0-0 8. Nf3 e5 9. Be2 e4 10. Nd4 Nxd4 11. exd4 Bxc3 12. bxc3 d5 13. 0-0 Be6 14. Rb1 b6 15. cxd5 Qxd5 16. a4 Rac8 17. Rc1 Qd6 18. Bg5 Bc4 19. Re1 Rfe8 20. Bg4 Nxg4 21. Qxg4 Qg6 22. Qf4 Bd5 23. Qe3 Rc4 24. a5 bxa5 25. Bh4 Rec8 26. f3 f5 27. fxe4 Bxe4 28. Bg3 Qc6 29. Be5 Qg6 30. Qg3 Qxg3 31. Bxg3 Rxc3 32. Rxc3 Rxc3 33. Be5 Rc2 34. g3 Rg2+ 35. Kf1 Rxh2 36. Re3 a4 37. Ra3 Rc2 38. Rxa4 a6 39. Kg1 Bd3 40. Ra3 Bc4 41. Ra1 g5 42. Ra5 Bb5 43. Ra3 Kf7 44. Ra1 Rd2 45. Ra3 Kg6 46. Rf3 Rd1+ 47. Kf2 Kh5 48. Rc3 Kg4 49. Ke3 f4+ 50. gxf4 Re1+ 51. Kd2 Re2+ 52. Kc1 gxf4 53. Rc7 Bd3 54. Rg7+ Bg6 55. Kd1 Re4 56. Rb7 f3 57. Rb2 a5 58. Rf2 a4 59. Kc1 a3 60. Kd1 Bf7 61. Kd2 a2 62. Rf1 Re2+ 63. Kd3 Bg6+ 64. Kc3 f2 0-1